000 00376nam a22001457a 4500
003 OSt
005 20160727222343.0
008 160620b xxu||||| |||| 00| 0 eng d
040 _cTEST
100 _9150
_aBalasubramanian, D
245 _aScience: A Text Book For Class IX th
260 _aN.D
_b NCERT
_c1988
300 _aScience: A Text Book For Class IX th.
942 _2ddc
_cBK
999 _c122
_d122